| 000 | 00769nam a2200229Ia 4500 | ||
|---|---|---|---|
| 001 | 7945 | ||
| 003 | GE_BSU | ||
| 008 | 181216s||||||||xx |||||||||||||| ||und|| | ||
| 040 | _cGE_BSU | ||
| 080 | _a66.0(075) | ||
| 100 | _aКасаткин,А.Г. | ||
| 245 | _aОсновные процесы и аппараты химической технологии. | ||
| 245 | _cРед.М.М.Ратманский. | ||
| 250 | _aИздание восьое, переработанное. | ||
| 260 | _aМ. | ||
| 260 | _bХимия. | ||
| 260 | _c1971. | ||
| 300 | _a784 стр. 25см. | ||
| 300 | _e5 табл. 170 библиогр.ссылок. | ||
| 653 | _aОсновные процесы и аппараты химической технологии. | ||
| 942 | _cBK | ||
| 999 |
_c41288 _d41288 |
||